Jal: Kal,ajj or kal (Record no. 503816)

000 -LEADER
fixed length control field 00325cam a22001097a 4500
008 - FIXED-LENGTH DATA ELEMENTS--GENERAL INFORMATION
fixed length control field 180718b2005 xxu||||| |||| 00| 0 eng d
082 ## - DEWEY DECIMAL CLASSIFICATION NUMBER
Classification number V43x54 Sh23(H)
100 ## - MAIN ENTRY--PERSONAL NAME
Personal name Sharma,Ram avtar and Yadav,Sushma
245 ## - TITLE STATEMENT
Title Jal: Kal,ajj or kal
Statement of responsibility, etc. Ram avtar sharma and Sushma yadav
260 ## - PUBLICATION, DISTRIBUTION, ETC.
Place of publication, distribution, etc. Delhi
Name of publisher, distributor, etc. Aakar books
Date of publication, distribution, etc. 2005
300 ## - PHYSICAL DESCRIPTION
Extent 196p.
Holdings
Withdrawn status Lost status Damaged status Not for loan Permanent Location Current Location Date acquired Full call number Barcode Date last seen Price effective from Koha item type
        Indian Institute of Public Administration Indian Institute of Public Administration 2018-08-04 V43x54 Sh23(H) GR20094 2018-08-04 2018-08-04 GR

Powered by Koha